Statistics for Operation pieces

Click here to take the quiz!

General Stats

  • This quiz has been taken 8 times
  • The average score is 4 of 13

Answer Stats

Game pieces% Correct
Funny Bone
57%
Broken Heart
57%
Adam's Apple
43%
Spare Ribs
43%
Water on the Knee
43%
Charley Horse
43%
Wish Bone
43%
Bread Basket
29%
Wrenched Ankle
14%
Butterflies in Stomach
14%
Writer's Cramp
14%
The Ankle Bone Connected to the Knee Bone
14%
Brain Freeze
14%

Score Distribution

Percentile by Number Answered

Percent of People with Each Score

Your Score History

You have not taken this quiz